[Event "BCF-ch"]
[Site "Torquay"]
[Date "1998.08.03"]
[Round "7"]
[White "Sadler, Matthew"]
[Black "Miles, Anthony J"]
[Result "1-0"]
[WhiteElo "2650"]
[BlackElo "2595"]

1.d4 Nf6 2.c4 c6 3.Nc3 d5 4.Nf3 dxc4 5.a4 Bf5 6.e3 e6 7.Bxc4 Bb4 8.O-O Nbd7
9.Qe2 Bg6 10.e4 O-O 11.Bd3 h6 12.Bf4 Rc8 13.Rfd1 Re8 14.h3 a6 15.Rac1 Qb6
16.Bb1 Bh7 17.Nd2 Qd8 18.Nc4 Nb6 19.Na2 Bf8 20.b3 Ra8 21.Kh1 Nc8 22.a5 Nd7
23.Nc3 Bb4 24.Na4 Qe7 25.Qg4 Nf6 26.Qf3 Na7 27.Bg3 Nd7 28.d5 exd5 29.exd5 Bxb1
30.Rxb1 cxd5 31.Ncb6 Nxb6 32.Nxb6 Rad8 33.Nxd5 Qf8 34.Nc7 Re7 35.Rxd8 Qxd8
36.Nd5 Re1+ 37.Rxe1 Bxe1 38.b4 Qe8 39.Nc7 Qc6 40.Qe3 Bxb4 41.Qxa7 Bxa5 42.Qb8+ Kh7
43.Ne8 b5 44.Nd6 f6 45.Qa7 Bb4 46.Nf5 Bf8 47.Qf7 Qc8 48.Nd4 Ba3 49.Ne6 Qg8
50.Qd7 Kh8 51.Bc7 Bb4 52.f4 Bc3 53.f5 b4 54.Bd6  1-0

[Event "BCF-ch"]
[Site "Torquay"]
[Date "1998.08.04"]
[Round "8"]
[White "Miles, Anthony J"]
[Black "Arkell, Keith C"]
[Result "1-0"]
[WhiteElo "2595"]
[BlackElo "2455"]

1.c4 c5 2.g3 Nc6 3.Bg2 g6 4.Nc3 Bg7 5.a3 Nf6 6.Rb1 a5 7.Nh3 O-O 8.Nf4 b6
9.O-O Bb7 10.e3 e6 11.d4 cxd4 12.exd4 d5 13.cxd5 exd5 14.Nfxd5 Nxd5 15.Bxd5 Bxd4
16.Bh6 Bg7 17.Bxg7 Kxg7 18.Qa4 Rc8 19.Rbd1 Qc7 20.Nb5 Qb8 21.Rfe1 Rfe8 22.Rxe8 Rxe8
23.Bf3 Rd8 24.Rxd8 Qxd8 25.Qf4 Qf6 26.Nd6 Qxf4 27.gxf4 Ba8 28.Bd5 f5 29.f3 Kf6
30.Kf2 g5 31.Kg3 h6 32.a4 Kg6 33.h4 gxh4+ 34.Kxh4 Kf6 35.Kh5 Ke7 36.Nc8+ Kd7
37.Nxb6+ Kd6 38.Bf7 Bb7 39.Nc4+ Kc5 40.Kxh6 Kb4 41.Nd6 Ba8 42.Nxf5 Nd8 43.Bg8 Bxf3
44.Nd4 Bd1 45.f5 Bxa4 46.Kg7 Nb7 47.f6 Nd6 48.Be6 Ne8+ 49.Kg6 Nxf6 50.Kxf6 Bd1
51.Nc6+ Kb5 52.Ne7 a4 53.Nd5 Bc2 54.Nc3+ Kb4 55.Na2+ Kc5 56.Ke5 Bb1 57.Bg8 Bg6
58.Be6 Bh7 59.Nc3 Bc2 60.Ba2 Kb4 61.Kd4  1-0

[Event "Elista ol (Men)"]
[Site "Elista"]
[Date "1998.09.30"]
[Round "2"]
[White "Sandler, Leonid"]
[Black "Miles, Anthony J"]
[Result "1/2-1/2"]
[WhiteElo "2385"]
[BlackElo "2590"]

1.Nf3 d6 2.e4 Nf6 3.Nc3 Bg4 4.d4 e6 5.Be2 Be7 6.O-O O-O 7.Ne1 Bxe2 8.Qxe2 d5
9.exd5 Nxd5 10.Ne4 Nd7 11.Nf3 Re8 12.c4 N5f6 13.b3 c6 14.Bb2 Qa5 15.Bc3 Qc7
16.Rfe1 Nxe4 17.Qxe4 a5 18.a4 Bf6 19.Qc2 c5 20.Rad1 cxd4 21.Nxd4 Bxd4 22.Bxd4 Rad8
23.h3 f6 24.Re2 Nb8 25.Red2 Nc6 26.Qe4 Qf7 27.Bb6 Rxd2 28.Rxd2 Re7 29.Rd6 Qg6
30.Qe1 Qf5 31.g4 Qc2 32.Qd1 Qxd1+ 33.Rxd1 Kf7 34.Bd8 Nxd8 35.Rxd8 e5 36.Kf1 b6
37.Ke2 Rb7 38.Kd3 Ke7 39.Rh8 Rd7+ 40.Kc3 e4 41.Rxh7 Ke6 42.Rh5 g5 43.h4 gxh4
44.Rxh4 Rd3+ 45.Kc2 Rf3 46.Kd2 Ke5 47.Ke2 Rxb3 48.Rh5+ Kd4 49.Rf5 Rb2+ 50.Kf1 Kxc4
51.Rxf6 b5 52.axb5 Rxb5 53.Re6 Kd3 54.Kg2 Kd4  1/2-1/2

[Event "Elista ol (Men)"]
[Site "Elista"]
[Date "1998.10.05"]
[Round "7"]
[White "Miles, Anthony J"]
[Black "Sakalauskas, Vaidas"]
[Result "1-0"]
[WhiteElo "2590"]
[BlackElo "2410"]

1.Nf3 Nf6 2.c4 c5 3.Nc3 d5 4.cxd5 Nxd5 5.e3 Nxc3 6.dxc3 Qxd1+ 7.Kxd1 Nc6
8.e4 Bg4 9.Be3 e5 10.Bc4 Bd6 11.Kc2 Ke7 12.Nd2 Rac8 13.f3 Be6 14.Bxe6 Kxe6
15.Nc4 Ne7 16.Rhd1 Rhd8 17.a4 b6 18.a5 b5 19.Nxd6 Rxd6 20.Rxd6+ Kxd6 21.a6 Kc6
22.Rd1 Rc7 23.b4 cxb4 24.cxb4 Nc8 25.Rd8 Nb6 26.Kb3 f6 27.Bc5 Rf7 28.Rb8 Rc7
29.Bxb6 axb6 30.Ra8 Kd7 31.h4 h6 32.h5 Kd6 33.Ka3 Kd7 34.Kb2 Kd6 35.Ka2 Kd7
36.Kb1 Kd6 37.Kb2 Kd7 38.Ka1 Kd6 39.Kb1 Kd7 40.Rg8 Kd6 41.Rd8+ Kc6 42.Ra8 Kd7
43.g3 Kd6 44.Kb2 Kd7 45.f4 Kd6 46.Kb3 Kd7 47.f5 Kd6 48.Re8 Ra7 49.Re6+ Kc7
50.g4 Rxa6 51.Re7+ Kd8 52.Rxg7 Ra1 53.Rf7 Re1 54.Rxf6 Re3+ 55.Kc2 Rxe4 56.Rxh6 Rxg4
57.Rxb6 Ke7 58.h6 Rh4 59.h7 Kf7 60.Rxb5 Kf6 61.Rb7 Kxf5 62.b5  1-0

[Event "Escaldes zt"]
[Site "Escaldes"]
[Date "1998.11.08"]
[Round "3"]
[White "Miles, Anthony J"]
[Black "Reinderman, Dimitri"]
[Result "1-0"]
[WhiteElo "2590"]
[BlackElo "2540"]

1.d4 d6 2.e4 Nf6 3.Nc3 g6 4.Nf3 Bg7 5.Be2 O-O 6.O-O Bg4 7.Be3 Nc6 8.Qd2 e5
9.dxe5 dxe5 10.Rad1 Qc8 11.Qc1 Rd8 12.Rxd8+ Qxd8 13.Rd1 Qf8 14.h3 Bxf3 15.Bxf3 Rd8
16.Nb5 Rxd1+ 17.Qxd1 Qb8 18.Qd3 a6 19.Nc3 Qd8 20.Qxd8+ Nxd8 21.Na4 Ne6 22.Nc5 Nxc5
23.Bxc5 Bf8 24.Be3 Bd6 25.Kf1 Kf8 26.Bg5 Nd7 27.Bg4 Ke8 28.Bh6 a5 29.Bxd7+ Kxd7
30.a4 f5 31.Bd2 Bb4 32.c3 Bc5 33.f3 f4 34.Ke2 c6 35.Be1 g5 36.h4 h6 37.b4 axb4
38.cxb4 Bd4 39.a5 b5 40.axb6 Bxb6 41.h5 Ke6 42.Kd3 Bd4 43.Kc4 Be3 44.b5 cxb5+
45.Kxb5 Bc1 46.Kc6 Bb2 47.Bb4 g4 48.fxg4 Kf6 49.Kd5 Kg5 50.Bd6 Kxg4 51.Bxe5 Bc1
52.Ke6 Kg5 53.Bc3 Kg4 54.Be1 Bb2 55.e5 Ba3 56.Bd2 Bb2 57.Kd6 f3 58.gxf3+ Kxf3
59.e6 Kg4 60.Kd7 Ba3 61.Bxh6  1-0

[Event "Cappelle op"]
[Site "Cappelle la Grande"]
[Date "1998.??.??"]
[Round "1"]
[White "Borge, Nikolaj"]
[Black "Miles, Anthony J"]
[Result "0-1"]
[WhiteElo "2390"]
[BlackElo "2595"]

1.e4 Nc6 2.Nf3 e5 3.Bb5 Nf6 4.O-O Nxe4 5.d4 Nd6 6.Bxc6 dxc6 7.dxe5 Nf5 8.Qxd8+ Kxd8
9.Nc3 Ke8 10.Rd1 Ne7 11.h3 Ng6 12.b3 a5 13.a4 Bb4 14.Ne2 Be7 15.Bb2 c5 16.c4 Bf5
17.Ng3 Be6 18.Nh5 Rg8 19.Nd2 Rd8 20.Nf1 Bg5 21.Bc3 b6 22.Kh2 Bf4+ 23.Nxf4 Nxf4
24.Rxd8+ Kxd8 25.Re1 Kc8 26.Bd2 Nd3 27.Re2 Rd8 28.g4 h5 29.Kg3 Rh8 30.Nh2 Bd7
31.h4 Nb4 32.Bxb4 cxb4 33.gxh5 Rxh5 34.f4 Rh6 35.Nf3 Rg6+ 36.Kf2 Rg4 37.Ke3 c5
38.Rh2 Bc6 39.Rh3 Rg2 40.Nd2 Bd7 41.Rh1 Rg3+ 42.Kf2 Rd3 43.Ke2 Rc3 44.Kf2 Bf5
45.h5 Rd3 46.Ke2 Rh3 47.Rg1 g6 48.hxg6 fxg6 49.Kf2 Kd7 50.Rg3 Rh2+ 51.Rg2 Rh1
52.Rg1 Rxg1 53.Kxg1 Ke6 54.Kf2 Bc2 55.Kg3 Kf5 56.Kf3 g5 57.fxg5 Kxg5 58.e6 Kf6
59.Ke3 Kxe6 60.Kf4 Kd6 61.Ne4+ Kd7 62.Nd2 Ke6 63.Ke3 Kf5 64.Kf3 Bd1+ 65.Kf2 Kf4
66.Ke1 Bc2 67.Kf2 Ke5 68.Ke3 Bd1  0-1

[Event "Cappelle op"]
[Site "Cappelle la Grande"]
[Date "1998.??.??"]
[Round "6"]
[White "Miles, Anthony J"]
[Black "Teske, Henrik"]
[Result "0-1"]
[WhiteElo "2595"]
[BlackElo "2475"]

1.d4 e6 2.Nf3 d5 3.g3 b5 4.Bg5 Nf6 5.Nbd2 Bb7 6.c3 Nbd7 7.e3 b4 8.Qa4 bxc3
9.bxc3 Bd6 10.Rb1 Qc8 11.Bxf6 gxf6 12.Bd3 Ke7 13.O-O f5 14.Ne5 Nb6 15.Qd1 Bxe5
16.dxe5 c5 17.Qh5 h6 18.c4 Qc6 19.Be2 Rad8 20.Qh4+ Ke8 21.cxd5 Qxd5 22.Bf3 Qxe5
23.Nc4 Qc7 24.Bxb7 Qxb7 25.Qf6 Rg8 26.Qxh6 Qc7 27.Rfc1 Rg4 28.Qh8+ Kd7 29.Qf6 Rxc4
30.Qxf7+ Kc8 31.Qxe6+ Qd7 32.Qf6 Rxc1+ 33.Rxc1 c4 34.h4 Kb7 35.h5 Qd2 36.Kg2 Rd6
37.Qe7+ Rd7 38.Qa3 Qd5+ 39.Kg1 Rh7 40.Rb1 Qe4  0-1

[Event "BCF-ch"]
[Site "Torquay"]
[Date "1998.??.??"]
[Round "1"]
[White "Tebb, David"]
[Black "Miles, Anthony J"]
[Result "0-1"]
[WhiteElo "2260"]
[BlackElo "2595"]

1.e4 Nc6 2.Nc3 e6 3.d4 Bb4 4.Ne2 d6 5.a3 Ba5 6.Be3 Nge7 7.Qd3 O-O 8.f3 f5
9.O-O-O e5 10.d5 Nb8 11.h3 Nd7 12.Na4 Bb6 13.Nxb6 axb6 14.c4 f4 15.Bf2 Nf6
16.Nc3 Nh5 17.Qd2 Bd7 18.Bd3 Nc8 19.Kb1 c5 20.dxc6 bxc6 21.c5 bxc5 22.Bc4+ Kh8
23.Bxc5 dxc5 24.Be6 Nb6 25.Bxd7 Nc4 26.Qd3 Ne3 27.Bxc6 Nxd1 28.Rxd1 Qxd3+
29.Rxd3 Rac8 30.Bb5 Nf6 31.Bc4 Rfd8 32.Bd5 Nd7 33.Na4 Re8 34.Rc3 g6 35.Kc2 Kg7
36.Bc4 Rb8 37.Bd5 Rbc8 38.b3 Kf6 39.Bb7 Rc7 40.Ba6 Rb8 41.b4 Ke7 42.Nxc5 Nxc5
43.bxc5 Ra7 44.Bc4 Ra5 45.Bd5 Rbb5 46.c6 Rc5 47.Rxc5 Rxc5+ 48.Kb3 Kd6 49.a4 Kc7
50.Kb4 Kb6 51.Bc4 Rxc6 52.a5+ Ka7 53.Kb5 Rc7 54.h4 Kb8 55.Kb4 h6 56.Kb5 g5
57.hxg5 hxg5 58.Kb4 Rc6 59.Kb5 Rh6 60.Kc5 Rh2 61.Kd6 Rxg2 62.Kxe5 Rf2 63.Kf5 Rxf3
64.Kxg5 Rc3 65.Bf1 f3 66.e5 f2 67.a6 Rc1 68.Bd3 f1=Q 69.Bxf1 Rxf1 70.a7+ Kxa7
71.e6 Kb7 72.e7 Re1 73.Kf6 Kc7  0-1

[Event "Nova Gorica op"]
[Site "Nova Gorica"]
[Date "1999.01.29"]
[Round "2"]
[White "Laketic, Gojko"]
[Black "Miles, Anthony J"]
[Result "1/2-1/2"]
[WhiteElo "2396"]
[BlackElo "2609"]

1.d4 Nf6 2.c4 e6 3.Nf3 b6 4.g3 Bb4+ 5.Bd2 Bxd2+ 6.Qxd2 Ba6 7.Qc2 Bb7 8.Bg2 c5
9.dxc5 bxc5 10.Nc3 O-O 11.O-O d6 12.Rad1 Qe7 13.Rd2 Rd8 14.Ng5 Nc6 15.Nce4 Nxe4
16.Nxe4 Nb4 17.Qd1 d5 18.cxd5 exd5 19.Nc3 d4 20.Bxb7 dxc3 21.bxc3 Rxd2 22.Qxd2 Rd8
23.Qb2 Qxb7 24.cxb4 cxb4 25.Qe5 Qd5 26.Qxd5 Rxd5 27.Rb1 a5 28.a3 f5 29.axb4 Rb5
30.Kg2 Rxb4 31.Rc1 a4 32.Rc5 g6 33.Rc7 a3 34.Ra7 Rb3 35.h4 Rb4  1/2-1/2

[Event "Nova Gorica op"]
[Site "Nova Gorica"]
[Date "1999.01.30"]
[Round "3"]
[White "Miles, Anthony J"]
[Black "Jovanic, Ognjen"]
[Result "1/2-1/2"]
[WhiteElo "2609"]
[BlackElo "2269"]

1.d4 Nf6 2.Nf3 g6 3.c4 Bg7 4.Nc3 O-O 5.e4 d6 6.Be2 Na6 7.O-O e5 8.Bg5 h6
9.Bh4 Qe8 10.Bxf6 Bxf6 11.c5 exd4 12.Nd5 Bd8 13.Bxa6 bxa6 14.cxd6 c6 15.Ne7+ Bxe7
16.dxe7 Qxe7 17.Qxd4 Rb8 18.Rfe1 c5 19.Qc3 Be6 20.b3 Rb4 21.Nd2 Rd8 22.Rac1 Qd6
23.Nf1 Rc8 24.Qe3 h5 25.Rc3 a5 26.Rec1 a4 27.h3 axb3 28.axb3 Rd8 29.Rxc5 Rxb3
30.Qg5 Rdb8 31.Rc6 Qd8 32.Qc5 a5 33.Rd6 Qe7 34.Rcd1  1/2-1/2

[Event "Nova Gorica op"]
[Site "Nova Gorica"]
[Date "1999.01.31"]
[Round "4"]
[White "Fucak, Emilijo"]
[Black "Miles, Anthony J"]
[Result "0-1"]
[WhiteElo "2320"]
[BlackElo "2609"]

1.Nf3 b6 2.g3 Bb7 3.Bg2 Nf6 4.O-O e6 5.c4 c5 6.b3 Be7 7.Bb2 O-O 8.Nc3 d6
9.e3 Nbd7 10.Qe2 Qc7 11.d4 Ne4 12.Rfd1 Ndf6 13.Nxe4 Bxe4 14.Nd2 Bxg2 15.Kxg2 Rac8
16.Rac1 Rfd8 17.dxc5 bxc5 18.Bxf6 Bxf6 19.Ne4 Be7 20.Nc3 Qc6+ 21.Qf3 a6 22.Rd3 Qxf3+
23.Kxf3 Kf8 24.Rcd1 Rc6 25.Ke2 g6 26.f4 f5 27.h3 Bf6 28.g4 Ke7 29.gxf5 gxf5
30.Rg1 Rcc8 31.Kf3 Rg8 32.Ne2 Rxg1 33.Nxg1 a5 34.Ne2 Rg8 35.e4 fxe4+ 36.Kxe4 Rg2
37.Re3 Rf2 38.Kd3 Kd7 39.a3 h5 40.a4 h4 41.Ke4 Bg7 42.Nc3 Kc6 43.Nb5 Bh6
44.Rf3 d5+ 45.cxd5+ exd5+ 46.Ke3 Rb2  0-1

[Event "Nova Gorica op"]
[Site "Nova Gorica"]
[Date "1999.02.01"]
[Round "5"]
[White "Miles, Anthony J"]
[Black "Podlesnik, Bogdan"]
[Result "1-0"]
[WhiteElo "2609"]
[BlackElo "2409"]

1.c4 Nf6 2.Nf3 c5 3.Nc3 e6 4.g3 d5 5.cxd5 Nxd5 6.Bg2 Be7 7.O-O Nc6 8.d4 O-O
9.Nxd5 exd5 10.dxc5 Bxc5 11.Bg5 Qd7 12.Rc1 Bb6 13.Bd2 Qe7 14.e3 Bf5 15.Bc3 Be4
16.Qa4 Rac8 17.Rcd1 Rfd8 18.Rd2 h6 19.Rfd1 Qe6 20.Qb5 Qg4 21.h3 Qe6 22.Nd4 Bxd4
23.Bxd4 Bxg2 24.Kxg2 Qe4+ 25.Kg1 Qf5 26.Bc3 Qxh3 27.Rxd5 Rxd5 28.Rxd5 Rc7
29.Qd3 Rc8 30.Rd7 Qe6 31.Rxb7 Rd8 32.Qe2 Qe4 33.Rb5 Nd4 34.Bxd4 Rxd4 35.Rc5 g6
36.Qc2 Qxc2 37.Rxc2 Rd1+ 38.Kg2 Ra1 39.a3 Rb1 40.Kf3 Kg7 41.Ke4 Kf6 42.b4 a5
43.bxa5 Rb5 44.a6 Ra5 45.Rc6+ Kg5 46.Kd4 Rxa3 47.Kc5 Ra2 48.f3 Ra3 49.Kb6 Rxe3
50.a7 Ra3 51.Rc5+  1-0

[Event "Nova Gorica op"]
[Site "Nova Gorica"]
[Date "1999.02.05"]
[Round "9"]
[White "Miles, Anthony J"]
[Black "Beliavsky, Alexander G"]
[Result "1/2-1/2"]
[WhiteElo "2609"]
[BlackElo "2650"]

1.d4 Nf6 2.Nf3 g6 3.c4 Bg7 4.Nc3 O-O 5.e4 d6 6.Be2 e5 7.O-O Nc6 8.d5 Ne7
9.Kh1 Ne8 10.Ne1 f5 11.exf5 Nxf5 12.Nf3 Nf6 13.Bd3 Nd4 14.Nxd4 exd4 15.Ne4 Nxe4
16.Bxe4 Bd7 17.Qd3 c5 18.dxc6 bxc6 19.Bd2 Rb8 20.b4 Qc8 21.Rae1 Kh8 22.Qc2 a6
23.a4 d5 24.cxd5 cxd5 25.Bd3 Qxc2 26.Bxc2 Rbc8 27.Rc1 Rc4 28.Kg1 Rfc8 29.Bd3 Bf8
30.Rb1 Bf5 31.Rb2 Re8 32.Rd1 Bg7 33.h3 h5 34.b5 axb5 35.axb5 Rb8 36.Bxc4 dxc4
37.Bf4 Rb7 38.Rb4 c3 39.Rdxd4 Bxd4 40.Rxd4 Rxb5 41.Rc4 c2 42.g4 Bd3 43.Rc3 Rb1+
44.Kg2 Rd1 45.Kg3 hxg4 46.hxg4 Kg7 47.Kh4 Kf7 48.Kg5 Ke6 49.Rc5 Rf1 50.Be3 Re1
51.Kf4 Kd6 52.Rc3 Rd1 53.Rc5  1/2-1/2

[Event "Cappelle op"]
[Site "Cappelle la Grande"]
[Date "1999.02.13"]
[Round "1"]
[White "Berelovich, Aleksandar"]
[Black "Miles, Anthony J"]
[Result "1/2-1/2"]
[WhiteElo "2484"]
[BlackElo "2609"]

1.e4 Nc6 2.Nf3 e5 3.d4 exd4 4.Nxd4 Bb4+ 5.c3 Bc5 6.Be3 Bb6 7.Nf5 Bxe3 8.Nxe3 Nf6
9.Nd2 O-O 10.Bd3 Ne5 11.Bc2 d5 12.exd5 Neg4 13.Ne4 Nxe4 14.Nxg4 Bxg4 15.Qxg4 Nf6
16.Qf3 Qe8+ 17.Kd2 Qb5 18.a4 Qc4 19.Rad1 Rad8 20.Kc1 Qa2 21.Rd4 c5  1/2-1/2

[Event "Cappelle op"]
[Site "Cappelle la Grande"]
[Date "1999.02.15"]
[Round "3"]
[White "Plachetka, Jan"]
[Black "Miles, Anthony J"]
[Result "1/2-1/2"]
[WhiteElo "2395"]
[BlackElo "2609"]

1.e4 Nc6 2.Nf3 e5 3.Bb5 Nf6 4.O-O Nxe4 5.d4 Nd6 6.Bxc6 dxc6 7.dxe5 Nf5 8.Qxd8+ Kxd8
9.Nc3 Ke8 10.h3 Ne7 11.Re1 Nd5 12.Ne4 Nb4 13.Re2 Bf5 14.Nd4 Bxe4 15.Rxe4 c5
16.a3 cxd4 17.axb4 c5 18.b5 Kd7 19.Kf1 Be7 20.Ke2 Ke6  1/2-1/2

[Event "Cappelle op"]
[Site "Cappelle la Grande"]
[Date "1999.02.17"]
[Round "5"]
[White "Pira, Davoud"]
[Black "Miles, Anthony J"]
[Result "0-1"]
[WhiteElo "2382"]
[BlackElo "2609"]

1.d4 Nf6 2.Nf3 e6 3.Bg5 h6 4.Bxf6 Qxf6 5.e4 d6 6.Nc3 Nd7 7.Qd2 Qd8 8.O-O-O a6
9.h4 c5 10.Rh3 b5 11.dxc5 Nxc5 12.a3 Qb6 13.b4 Nd7 14.Nd4 Bb7 15.Be2 Be7
16.Rg3 Bf6 17.f4 O-O 18.Nb3 Rac8 19.Nd4 Qc7 20.Ndxb5 axb5 21.Nxb5 Qb8 22.Nxd6 Rcd8
23.c4 e5 24.Rd3 Bc6 25.g3 Ba4 26.f5 Bxd1 27.Bxd1 Be7 28.c5 Bxd6 29.cxd6 Nf6
30.Bf3 Rd7 31.g4 Rc8+ 32.Kb2 Ne8 33.f6 Nxd6  0-1

[Event "Cappelle op"]
[Site "Cappelle la Grande"]
[Date "1999.02.18"]
[Round "6"]
[White "Miles, Anthony J"]
[Black "Marciano, David"]
[Result "1-0"]
[WhiteElo "2609"]
[BlackElo "2521"]

1.Nf3 d5 2.b3 Bg4 3.e3 Nd7 4.Bb2 c6 5.h3 Bh5 6.Be2 Ngf6 7.d3 Bxf3 8.Bxf3 e6
9.Nd2 Bd6 10.O-O O-O 11.c4 Qe7 12.Re1 e5 13.Qc2 Rfe8 14.Be2 Ba3 15.Bxa3 Qxa3
16.cxd5 cxd5 17.Rac1 Nb6 18.Nb1 Qe7 19.Qb2 Rad8 20.d4 exd4 21.Qxd4 Ne4 22.Bb5 Rf8
23.Rc2 Rc8 24.Rec1 Qf6 25.Qxf6 Nxf6 26.Nc3 Rfd8 27.Be2 Kf8 28.Bf3 Ke7 29.g4 g5
30.Nxd5+ Nfxd5 31.Rxc8 Rxc8 32.Rxc8 Nxc8 33.Bxd5 b6 34.Kf1 f6 35.Ke2 Kd6
36.Bb7 Ne7 37.Kd3 Kc5 38.a3 a5 39.f4 h6 40.f5 Kd6 41.Kd4 Kc7 42.Bd5 Kd6 43.e4 b5
44.a4 Nc8 45.axb5 Nb6 46.Bc6 Nc8 47.e5+ fxe5+ 48.Ke4 Nb6 49.f6 Ke6 50.f7 Kxf7
51.Kxe5 Ke7 52.Bf3 a4 53.bxa4 Nxa4 54.Kf5 Kf7 55.Bd5+ Kg7 56.Ke6 h5 57.Kd6 h4
58.Bb3  1-0

[Event "Alushta"]
[Site "Alushta"]
[Date "1999.03.07"]
[Round "5"]
[White "Zubov, Alexander"]
[Black "Miles, Anthony J"]
[Result "1/2-1/2"]
[WhiteElo "2502"]
[BlackElo "2609"]

1.d4 Nf6 2.c4 c6 3.Nc3 d5 4.Nf3 dxc4 5.a4 Bf5 6.e3 e6 7.Bxc4 Bb4 8.O-O O-O
9.Nh4 Nbd7 10.Nxf5 exf5 11.Na2 Bd6 12.Qf3 g6 13.Bd2 Ne4 14.Be1 Qh4 15.g3 Qe7
16.Nc1 c5 17.dxc5 Ne5 18.Qe2 Bxc5 19.Ba2 Bb4 20.Nb3 Bxe1 21.Rfxe1 Nc6 22.Rad1 Rad8
23.Kg2 Kg7 24.Bb1 a6 25.Nd4 Qf6 26.Nf3 Rfe8 27.Qc2 Qe6 28.Rxd8 Rxd8 29.Rd1 Rxd1
30.Qxd1 Qc4 31.Qd7 Nc5 32.Qc7 Qd5 33.h3 Nb4 34.a5 Nc6 35.g4 fxg4 36.hxg4 h5
37.gxh5 Qxh5 38.Kg3 Qd5 39.Bc2 Qd7 40.Qb6 Qd6+ 41.Kg2 Qd5 42.Kg3 Qc4 43.Bb1 f5
44.Qc7+ Kh6 45.Ne5 Qc1 46.Nf7+ Kh5 47.Qf4 Qg1+ 48.Kf3 Qd1+ 49.Kg3 Qg1+ 50.Kf3 Qd1+
51.Kg3  1/2-1/2

[Event "Alushta"]
[Site "Alushta"]
[Date "1999.03.08"]
[Round "6"]
[White "Miles, Anthony J"]
[Black "Salinnikov, Denis Y"]
[Result "1-0"]
[WhiteElo "2609"]
[BlackElo "2484"]

1.d4 Nf6 2.Nf3 g6 3.c4 Bg7 4.Nc3 O-O 5.e4 d6 6.Be2 e5 7.O-O Nc6 8.d5 Ne7
9.Kh1 a5 10.Ne1 Nd7 11.Be3 f5 12.f3 f4 13.Bg1 g5 14.Nd3 b6 15.a3 Nf6 16.Rc1 a4
17.Nxa4 Kh8 18.Nc3 Rg8 19.Bf2 h5 20.g3 fxg3 21.Bxg3 Ng6 22.Qd2 Kh7 23.Bf2 Bh6
24.Be3 Nf4 25.Rg1 Bh3 26.Bf1 Bd7 27.Ra1 h4 28.b4 N6h5 29.Nf2 Nf6 30.Ng4 Qe7
31.Nxh6 Kxh6 32.a4 N6h5 33.Qd1 Kh7 34.a5 bxa5 35.Rxa5 Raf8 36.Ra2 Rf6 37.c5 Rh6
38.Bf2 dxc5 39.bxc5 g4 40.d6 cxd6 41.c6 g3 42.Be3 g2+ 43.Rgxg2 Ng3+ 44.Rxg3 hxg3
45.cxd7 gxh2 46.Bg2 Rd8 47.Nd5 Qf7  1-0

[Event "Alushta"]
[Site "Alushta"]
[Date "1999.03.13"]
[Round "11"]
[White "Rogovski, Vladimir"]
[Black "Miles, Anthony J"]
[Result "0-1"]
[WhiteElo "2455"]
[BlackElo "2605"]

1.e4 c6 2.d4 d5 3.Nc3 dxe4 4.Nxe4 Nf6 5.Nxf6+ gxf6 6.c3 Bf5 7.Ne2 Nd7 8.Ng3 Bg6
9.h4 h5 10.Be2 Qa5 11.b4 Qc7 12.Bxh5 Bxh5 13.Nxh5 a5 14.Bf4 Qb6 15.O-O Qb5
16.g4 axb4 17.cxb4 Ra3 18.Re1 Rg8 19.Kh2 e6 20.Re3 Rxe3 21.fxe3 Qd5 22.a3 Be7
23.Kh3 Qe4 24.Qh1 Qg6 25.Qf3 f5 26.gxf5 Qxf5+ 27.Kh2 Rg4 28.Ng3 Rxh4+ 29.Kg1 Qc2
30.Qf2 Qg6 31.Kg2 Nf6 32.Rh1 Rg4 33.Rh8+ Kd7 34.Kh1 Nd5 35.Ne2 Qe4+ 36.Kh2 Nxf4
37.exf4 Bd6 38.Kh3 Qf5 39.Ng3 Rh4+  0-1

[Event "Redbus KO"]
[Site "Southend"]
[Date "1999.04.02"]
[Round "1.1"]
[White "Plaskett, Jim"]
[Black "Miles, Anthony J"]
[Result "1/2-1/2"]
[WhiteElo "2483"]
[BlackElo "2609"]

1.e4 e5 2.Nf3 Nc6 3.Bb5 Nf6 4.O-O Nxe4 5.Re1 Nd6 6.Nxe5 Be7 7.Qh5 Nxe5 8.Qxe5 O-O
9.Qxe7 Qxe7 10.Rxe7 Nxb5 11.c3 Nd6 12.d4  1/2-1/2

[Event "Capablanca mem Elite"]
[Site "Havana"]
[Date "1999.05.09"]
[Round "3"]
[White "De la Paz, Frank"]
[Black "Miles, Anthony J"]
[Result "1/2-1/2"]
[WhiteElo "2495"]
[BlackElo "2609"]

1.e4 Nf6 2.e5 Nd5 3.d4 d6 4.Nf3 c6 5.Bc4 Bg4 6.h3 Bxf3 7.Qxf3 dxe5 8.dxe5 e6
9.O-O Nd7 10.Re1 Qc7 11.Qe2 g6 12.Nd2 Bg7 13.Nf3 h6  1/2-1/2

[Event "Capablanca mem Elite"]
[Site "Havana"]
[Date "1999.05.10"]
[Round "4"]
[White "Miles, Anthony J"]
[Black "Godena, Michele"]
[Result "1-0"]
[WhiteElo "2609"]
[BlackElo "2552"]

1.Nf3 d5 2.b3 Nf6 3.Bb2 c6 4.e3 Bg4 5.Be2 Nbd7 6.d3 e6 7.h3 Bxf3 8.Bxf3 Bd6
9.Nd2 Qe7 10.O-O Ba3 11.Qc1 Bxb2 12.Qxb2 O-O 13.c4 Rfd8 14.Be2 h6 15.Rac1 Rac8
16.Rc2 e5 17.cxd5 cxd5 18.Rfc1 Rxc2 19.Rxc2 Nb8 20.b4 a6 21.a3 Nc6 22.Nb3 d4
23.exd4 exd4 24.Bf1 h5 25.Nc5 Ne5 26.Re2 Qc7 27.Qd2 Ned7 28.Nxd7 Qxd7 29.g3 Qa4
30.Qc1 Re8 31.Rxe8+ Qxe8 32.Bg2 Qe2 33.Qc8+ Kh7 34.Qf5+ Kg8 35.Bxb7 h4 36.g4 Qb2
37.g5 Nh5 38.Kg2 g6 39.Qe5  1-0

[Event "Capablanca mem Elite"]
[Site "Havana"]
[Date "1999.05.13"]
[Round "6"]
[White "Miles, Anthony J"]
[Black "Becerra Rivero, Julio"]
[Result "1-0"]
[WhiteElo "2609"]
[BlackElo "2535"]

1.Nf3 g6 2.c4 Bg7 3.d4 d6 4.Nc3 Nf6 5.e4 O-O 6.Be2 e5 7.O-O Nc6 8.d5 Ne7
9.Kh1 Nd7 10.g4 Kh8 11.Rg1 a5 12.Be3 Ng8 13.Qd2 Nc5 14.Ne1 f5 15.f3 fxg4
16.fxg4 b6 17.g5 Ne7 18.Nd3 c6 19.Raf1 Bb7 20.Nxc5 bxc5 21.Rxf8+ Bxf8 22.Rf1 Qd7
23.Qd1 cxd5 24.cxd5 Qc7 25.Rf7 Kg8 26.Qf1 Qd7 27.h3 Qe8 28.Rf6 Nc8 29.Bg4 Be7
30.Be6+ Kh8 31.Rf7 Nb6 32.Qf2 h5 33.gxh6 Nd7 34.Bxd7  1-0

[Event "Capablanca mem Elite"]
[Site "Havana"]
[Date "1999.05.17"]
[Round "9"]
[White "Atalik, Suat"]
[Black "Miles, Anthony J"]
[Result "1/2-1/2"]
[WhiteElo "2593"]
[BlackElo "2609"]

1.e4 c5 2.Nf3 d6 3.d4 Nf6 4.Nc3 cxd4 5.Nxd4 g6 6.Be3 Bg7 7.f3 O-O 8.Bc4 Bd7
9.Qd2 Nc6 10.O-O-O Rc8  1/2-1/2

[Event "World op"]
[Site "Philadelphia"]
[Date "1999.06.27"]
[Round "1"]
[White "Miles, Anthony J"]
[Black "Uribe, Mauricio"]
[Result "1-0"]
[WhiteElo "2609"]
[BlackElo "2208"]

1.c4 Nf6 2.g3 c5 3.Bg2 Nc6 4.Nc3 e6 5.Nf3 Be7 6.O-O O-O 7.d4 cxd4 8.Nxd4 Nxd4
9.Qxd4 d6 10.Rd1 a6 11.Be3 Rb8 12.Qa7 Bd7 13.Bf4 Qc7 14.c5 Qxc5 15.Qxc5 dxc5
16.Bxb8 Rxb8 17.Rac1 b5 18.Ne4 Be8 19.Nxc5 a5 20.Na6 Rb6 21.Nc7 Bd7 22.Na8 Rd6
23.Rxd6 Bxd6 24.Nb6 Be8 25.Bc6 Kf8 26.Bxe8 Nxe8 27.Nc8 f6 28.Kg2 Kf7 29.Rd1  1-0

[Event "5th HIT Open"]
[Site "Nova Gorica SLO"]
[Date "2000.02.02"]
[Round "2"]
[White "Cioara,A"]
[Black "Miles,A"]
[Result "0-1"]
[WhiteElo "2353"]
[BlackElo "2579"]

1.e4 Nc6 2.Nf3 e5 3.d4 exd4 4.Nxd4 Bb4+ 5.c3 Bc5 6.Be3 Bb6 7.Bc4 Ne5 8.Be2 Nf6
9.f4 Nc6 10.Nd2 Nxd4 11.Bxd4 O-O 12.O-O d6 13.Bf3 Be6 14.Qe2 Re8 15.h3 Bd5
16.Qd3 Bc6 17.Rfe1 Nd7 18.Qe3 f5 19.Qd3 Qh4 20.e5 Qxf4 21.Bxc6 bxc6 22.exd6 cxd6
23.Qc4+ d5 24.Rxe8+ Rxe8 25.Qxc6 Bxd4+ 26.cxd4 Qxd4+ 27.Kh1 Nf6 28.Nf3 Qxb2
29.Rd1 Qxa2 30.Nd4 Qf2 31.Qb7 Re1+ 32.Rxe1 Qxe1+ 33.Kh2 Qe5+  0-1

[Event "5th HIT Open"]
[Site "Nova Gorica SLO"]
[Date "2000.02.03"]
[Round "3"]
[White "Miles,A"]
[Black "Sale,S"]
[Result "1-0"]
[WhiteElo "2579"]
[BlackElo "2425"]

1.Nf3 Nf6 2.d4 g6 3.c3 Bg7 4.Bg5 O-O 5.Nbd2 h6 6.Bh4 d5 7.e3 Nbd7 8.Be2 c5
9.O-O b6 10.b4 c4 11.a4 Bb7 12.Qc2 Re8 13.Rfd1 Qc8 14.Bg3 Nh5 15.e4 Nxg3
16.hxg3 e5 17.exd5 Bxd5 18.dxe5 Nxe5 19.Nxe5 Bxe5 20.Nf3 Qc6 21.Nxe5 Rxe5
22.b5 Qe6 23.Bf1 Rc8 24.Rd4 Rc5 25.Rad1 Re1 26.Qc1 Rxd1 27.Rxd1 Kg7 28.Rd4 Qe5
29.Qd2 Be6 30.Be2 Qf5 31.g4 Qg5 32.Qxg5 hxg5 33.Bf3 Kf6 34.Kf1 Ke5 35.Ke2 Rc8
36.Ke3 f5 37.g3 Rf8 38.gxf5 gxf5 39.Be2 f4+ 40.gxf4+ gxf4+ 41.Kd2 Rc8 42.Bf3 Rg8
43.Re4+ Kf5 44.Re1 Rd8+ 45.Kc2 Kf6 46.Be4 Rh8 47.Kb2 Rh2 48.Re2 Rh3 49.Rd2 Ke5
50.f3 Rh1 51.Rg2 Re1 52.Rh2 Rd1 53.Rh7 Rd7 54.Rh5+ Kf6 55.Ka3 Rd1 56.Rh6+ Ke5
57.Rh7 Ra1+ 58.Kb4 Ra2 59.Rxa7 Rb2+ 60.Ka3 Rb3+  1-0

[Event "5th HIT Open"]
[Site "Nova Gorica SLO"]
[Date "2000.02.05"]
[Round "5"]
[White "Miles,A"]
[Black "Godena,M"]
[Result "1-0"]
[WhiteElo "2579"]
[BlackElo "2487"]

1.Nf3 Nf6 2.c4 e6 3.g3 d5 4.Bg2 Be7 5.O-O O-O 6.b3 b6 7.Bb2 Bb7 8.e3 Nbd7
9.d3 c5 10.Qe2 Qc7 11.Nc3 Rad8 12.e4 d4 13.Nd1 Ne8 14.Bc1 e5 15.Rb1 Nd6 16.Rb2 Rde8
17.Nd2 g6 18.f4 f5 19.exf5 Bxg2 20.Qxg2 Nxf5 21.Ne4 Nf6 22.Re2 exf4 23.Bxf4 Qd7
24.Rfe1 Nxe4 25.Rxe4 Bd6 26.Rxe8 Rxe8 27.Qd5+ Kg7 28.Be5+ Kh6 29.Re4 Qd8
30.Bf6 Qxf6 31.Rxe8 Qg5 32.Qf3 Qd2 33.Qe2 Qc1 34.Kg2 Be7 35.Nf2 Ne3+ 36.Kf3 Bg5
37.Ng4+ Nxg4 38.Kxg4 Be3 39.Qf3  1-0

[Event "5th HIT Open"]
[Site "Nova Gorica SLO"]
[Date "2000.02.07"]
[Round "7"]
[White "Miles,A"]
[Black "Luther,T"]
[Result "1/2-1/2"]
[WhiteElo "2579"]
[BlackElo "2509"]

1.Nf3 d5 2.b3 Nf6 3.Bb2 e6 4.e3 Be7 5.d4 O-O 6.Nbd2 b6 7.Bd3 Bb7 8.O-O c5
9.Ne5 Nc6 10.a3 cxd4 11.exd4 Nxe5 12.dxe5 Ne4 13.Qe2  1/2-1/2